000 00400nam a22001697a 4500
999 _c10621
_d10621
003 OSt
008 210408b ||||| |||| 00| 0 eng d
020 _a9788124802977
082 _a822.6 SHS
100 _aSHERIDAN,Richard Brinsley
245 _aThe School for Scandal
250 _a1st
260 _aNew Delhi
_bPeacock Books
_c2019
300 _a92
650 _aBAENGHON
942 _2ddc
_cBK
_027